| 000 | 00468nam a2200181 a 4500 | ||
|---|---|---|---|
| 001 | 4831 | ||
| 003 | CO-ViMGA | ||
| 008 | 141112s2004 ck r 000 u spa d | ||
| 040 |
_aCO-ViMGA _bspa _cCO-ViMGA |
||
| 082 | 0 | 4 | _aR540 Q845 |
| 245 | 1 | 0 |
_aAtlas tematico : _bQuimica |
| 260 |
_aBarcelona : _bIdea Books, _c1997 |
||
| 300 | _a90 p : il | ||
| 490 | _aAtlas temático | ||
| 590 | _aDatos de inventario : 05299 | ||
| 650 | 1 | 4 |
_aQUIMICA - ATLAS _93004 |
| 942 |
_2ddc _cBK |
||
| 999 |
_c16837 _d16837 |
||